000 00307nam a2200121Ia 4500
008 230303s9999 xx 000 0 und d
041 _aeng
082 _a621.38215 LIN
100 _aLIN (Yi-Bing
245 _aWireless and mobile network architecture
260 _aNEW DELHI
_bWiley India 40
365 _cRS
999 _c203793
_d203793